Wine Regions of the USA-Canada Border (typing) - Statistics

General Stats
  • This quiz has been taken 100 times
    97 since last reset
  • The average score is 5 of 6
Answers on the Map
Answers color-coded by a green-red scale on the quiz's map according to % correct below.
 
Answer Stats
Region % Correct
Columbia Valley
97%
Finger Lakes
97%
Willamette Valley
90%
Yakima Valley
81%
Niagara Peninsula
71%
Okanagan Valley
71%
No matching quizzes found
Score Distribution
Percent of People with Each Score
Percentile by Number Answered
Your Score History
You have not taken this quiz since the last reset